Применение широкополосных зондирующих сигналов при измерениях дальности и скорости: конспект лекций

Бібліографічні деталі
Автор: Башаринов А. Е.
Співавтор: Московский энергетический институт (МЭИ)
Інші автори: Богомолов А. Ф. (редактор)
Мова:Російська
Опубліковано: Москва, Изд-во МЭИ, 1965
Предмети:
Формат: MixedMaterials Книга
KOHA link:https://koha.lib.tpu.ru/cgi-bin/koha/opac-detail.pl?biblionumber=110465

MARC

LEADER 00000nam0a2200000 4500
001 110465
005 20231031120453.0
035 |a (RuTPU)RU\TPU\book\119303 
090 |a 110465 
100 |a 20070224d1965 m y0rusy50 ca 
101 0 |a rus 
102 |a RU 
105 |a a j 001zy 
200 1 |a Применение широкополосных зондирующих сигналов при измерениях дальности и скорости  |e конспект лекций  |f А. Е. Башаринов  |g Московский энергетический институт (МЭИ); под ред. А. Ф. Богомолова 
210 |a Москва  |c Изд-во МЭИ  |d 1965 
215 |a 36 с.  |c ил. 
320 |a Библиогр.: с. 35. 
610 1 |a радиолокационные сигналы 
610 1 |a применение 
610 1 |a дальность 
610 1 |a скорость 
610 1 |a дальномерные устройства 
610 1 |a шумоподобные сигналы 
610 1 |a лекции 
610 1 |a измерение 
675 |a 621.396.9:526.92.6  |v 3 
700 1 |a Башаринов  |b А. Е. 
702 1 |a Богомолов  |b А. Ф.  |4 340 
712 0 2 |a Московский энергетический институт (МЭИ)  |c (1930-1992)  |2 stltpush  |3 (RuTPU)RU\TPU\col\20092 
801 1 |a RU  |b 63413507  |c 20070224  |g PSBO 
801 2 |a RU  |b 63413507  |c 20150429  |g PSBO 
942 |c BK